Responses for Show #2082 - Tuesday, September 28, 1993

Contestants

[<< previous game]

Gary Walters, an entertainment attorney originally from New York City, New York

Anne-Marie Gorman, a Ph.D. student from Amherst, New York

Tom Rack, an actor and writer from Montreal, Canada (whose 1-day cash winnings total $18,300)

[next game >>]

Jeopardy! Round responses

HISTORY
POP MUSIC
WOMEN
AUBURNS
GAMBLING
LEADING "ROLL"S
    $100 1
George Washington

Tom
    $100 8
"The Twist"

Tom
    $100 3
MIkhail Gorbachev

Anne-Marie
    $100 21
gold

Gary
    $100 22
slot machines

Tom
    $100 13
rolling pin

Tom
    $200 2
(Tom: Who is, what is Trenton?)

Newark

TomAnne-Marie
    $200 9
Purple Rain

Gary
    $200 4
Social Security

Gary
    $200 23
Washington

Anne-Marie
    $200 25
(Gary: What is rummy?)

poker

TomGary
    $200 14
egg rolls

Anne-Marie
    $300 5
World Health Organization

Gary
    $300 10
Bette Midler

Gary
    $300 18
Sun-Maid

Anne-Marie
    $300 24
Indiana

Gary
    $300 26
blackjack

Gary
    $300 15
bank roll

Gary
    $400 6
Sicily

Tom
    $400 11
"Mountain of Love"

Triple Stumper
    $400 19
tank

Anne-Marie
    $400 29
Alabama

Tom
    $400 27
roulette

Gary
    $400 16
French roll

Gary
    $500 7
(Tom: Who is Alexander II?)
(Gary: Who is Nicholas?)
(Alex: Be more specific.)

Nicholas II

TomGary
    $500 12
Silver Bullets

Gary
    $500 20
Beverly Sills

Triple Stumper
    $600 30
Harriet Tubman

Tom
    $500 28
craps

Gary
    $500 17
Kaiser roll

Anne-Marie

Scores at the first commercial break (after clue 15):

Tom Anne-Marie Gary
$0 $500 $2,300

Scores at the end of the Jeopardy! Round:

Tom Anne-Marie Gary
$1,300 $1,900 $4,100

Double Jeopardy! Round responses

ASTRONOMY
MIDDLE NAMES
WORLD GEOGRAPHY
THE SUPREME COURT
BOOKS & AUTHORS
THOSE WHO STAND & WAIT
    $200 25
binoculars

Gary
    $200 16
Amadeus

Gary
    $200 1
Switzerland

Anne-Marie
    $200 15
impeachment

Anne-Marie
    $200 2
The Prince and the Pauper

Gary
    $200 7
blind

Gary
    $400 26
Pluto

Tom
    $400 19
Joyce

Anne-Marie
    $400 6
Amazon

Anne-Marie
    $400 17
Japanese

Gary
    $400 3
Dashiell Hammett

Gary
    $2,000 11
(Anne-Marie: What is [sounded like] Buckberry?)

The Robert E. Lee

Anne-Marie
    $600 27
spiral

Gary
    $500 20
Quincy

Anne-Marie
    $600 8
(Anne-Marie: What is India?)

Pakistan

TomAnne-Marie
    $600 18
prayer

Anne-Marie
    $600 4
Innocent

Tom
    $600 12
(Anne-Marie: What is spin?)

weave

TomAnne-Marie
    $800 29
(Tom: What is Jupiter?)

Venus

TomAnne-Marie
    $800 21
Tecumseh

Anne-Marie
    $800 9
Baikal

Tom
    $800 23
Dred Scott

Tom
    $800 5
Lust for Life

Triple Stumper
    $800 13
Greyfriars Bobby

Triple Stumper
    $1000 30
parallax

Gary
    $1000 22
Domingo

Gary
    $1000 10
Denmark

Anne-Marie
    $1000 24
Brown v. Board of Education

Anne-Marie
    $1000 28
Labyrinth

Triple Stumper
    $1000 14
Praetorian Guard

Gary

Scores at the end of the Double Jeopardy! Round:

Tom Anne-Marie Gary
$4,300 $4,600 $9,300
(lock game)

[wagering suggestions for these scores]

Final Jeopardy! Round responses

FAMOUS NAMES
TomWho is Pancho Villa
$4,300
Anne-MarieWho was Cesar Chavez?
$4,001
GaryWho was Diaz
$50
Cesar Chavez

Final scores:

Tom Anne-Marie Gary
$0 $8,601 $9,250
3rd place: Lopi wood stove + Jeopardy! home game 2nd place: CompUSA notebook computer & Sentry fire safe media kit + Jeopardy! home game New champion: $9,250

Game dynamics:

Coryat scores:

Tom Anne-Marie Gary
$4,200 $6,700 $9,300
14 R
(including 1 DD),
3 W
17 R
(including 1 DD),
3 W
(including 1 DD)
23 R,
1 W

Combined Coryat: $20,200

[game clues] [game scores] [suggest correction]

Game tape date: 1993-07-27
The J! Archive is created by fans, for fans. Scraping, republication, monetization, and malicious use prohibited; this site may use cookies and collect identifying information. See terms. The Jeopardy! game show and all elements thereof, including but not limited to copyright and trademark thereto, are the property of Jeopardy Productions, Inc. and are protected under law. This website is not affiliated with, sponsored by, or operated by Jeopardy Productions, Inc. Join the discussion at JBoard.tv.